| 000 | 00521nam a22001937a 4500 | ||
|---|---|---|---|
| 005 | 20260601163448.0 | ||
| 010 | _aENG-148659 | ||
| 020 |
_a9789349042650 _c175.00 |
||
| 035 | _aEN-132191 | ||
| 037 | _bDBAD | ||
| 082 |
_aS _21 |
||
| 100 | _aShakespeare, William | ||
| 245 |
_aJulius Caesar/ _cWilliam Shakespeare |
||
| 250 | _a1 | ||
| 260 |
_aChandigarh _bThe Browser _c2026 |
||
| 270 |
_bChandigarh _aSCO 14-15, Sector 8-C _e160009 _mservice@thebrowser.org |
||
| 300 |
_a122p. _c21cm(pb) |
||
| 942 |
_2ddc _cEN _hS _mSHA |
||
| 999 |
_c216435 _d216435 |
||